Taylor Swift- Karma (All Lyrics) - Statistics

General Stats
  • This quiz has been taken 151 times
  • The average score is 311 of 382
Answer Stats
Lyrics % Correct
I
100%
karma
99%
Karma
99%
(Karma
99%
my
99%
My
99%
you
99%
You
99%
a
98%
is
97%
the
97%
Me
95%
me
95%
boyfriend
94%
boyfriend)
94%
god
94%
in
94%
it
93%
like
93%
on
93%
why
92%
cat
91%
'Cause
91%
'cause
91%
to
90%
weekend
90%
(Weekend)
90%
It's
89%
it's
89%
for
88%
hair
88%
relaxing
88%
thought
88%
And
86%
and
86%
breeze
86%
lap
86%
your
86%
of
85%
Of
85%
Sweet
85%
what
85%
loves
84%
that
84%
know
83%
not?
82%
not
82%
Karma's
80%
honey,
79%
keep
79%
acrobat
78%
coming
78%
Coming
78%
You're
78%
you're
78%
clean
77%
Purring
77%
side
77%
wouldn't
77%
down
76%
mean
76%
street
76%
vibe
76%
just
74%
all
73%
goddamn
73%
back
72%
from
72%
around
70%
but
70%
hell
69%
by
68%
shit
68%
talking
68%
Aren't
65%
envious
65%
guy
64%
home
64%
Flexing
63%
if
62%
I'm
62%
(I'm
62%
screen
62%
Addicted
61%
there
61%
track
61%
hunter
60%
Step
60%
step,
60%
town
60%
friends
59%
get
59%
here
59%
here,
59%
here)
59%
look
59%
queen
59%
see
59%
Spiderboy,
59%
straight
59%
those
59%
years
59%
betrayal,
57%
bounty
57%
once,
57%
thunder
57%
tears
56%
Ask
55%
dare,
55%
gonna
55%
made
55%
relevant
55%
so
55%
crown
54%
Don't
54%
justice,
54%
learned
54%
still
54%
twice
54%
burned
53%
king
53%
summit
53%
terrified
53%
everyone
52%
glare
52%
pennies
52%
webs
51%
takes
50%
thieves
50%
little
49%
many
48%
only
48%
price?
48%
you'll
48%
ground
47%
Trick
46%
trick
46%
earned
45%
ain't
44%
cash
43%
Rattling
43%
scent
42%
opacity
41%
Weave
41%
fade,
36%
weekends
28%
(Ah)
18%
mm
14%
Uh-
9%
huh,
5%
No matching quizzes found
Score Distribution
Percent of People with Each Score
Percentile by Number Answered
Your Score History
You have not taken this quiz